De boscos m'ha habitat natura = (Registro nro. 193389)
[ vista simple ]
| 000 -LEADER | |
|---|---|
| campo de control de longitud fija | 02218nam a2200361 i 4500 |
| 001 - NÚMERO DE CONTROL | |
| campo de control | 193389 |
| 003 - IDENTIFICADOR DE NÚMERO DE CONTROL | |
| campo de control | ES-MaACL |
| 005 - FECHA Y HORA DE LA ÚLTIMA TRANSACCIÓN | |
| campo de control | 20240903062952.0 |
| 007 - CAMPO FIJO DE DESCRIPCIÓN FÍSICA--INFORMACIÓN GENERAL | |
| campo de control de longitud fija | ta |
| 008 - DATOS DE LONGITUD FIJA--INFORMACIÓN GENERAL | |
| campo de control de longitud fija | 231113b sp ||||| |||| 00| 0 spa d |
| 020 ## - NÚMERO INTERNACIONAL ESTÁNDAR DEL LIBRO | |
| Número Internacional Estándar del Libro | 9798391697503 |
| 040 ## - FUENTE DE CATALOGACIÓN | |
| Lengua de catalogación | spa |
| Centro/agencia transcriptor | ES-MaACL |
| 100 1# - ENTRADA PRINCIPAL--NOMBRE DE PERSONA | |
| 9 (RLIN) | 226266 |
| Nombre de persona | Gómez Casañ, Rosa, |
| Fechas asociadas al nombre | 1958- |
| 245 10 - MENCIÓN DEL TÍTULO | |
| Título | De boscos m'ha habitat natura = |
| Resto del título | Me han habitado los bosques de la naturaleza / |
| Mención de responsabilidad, etc. | Rosa Gómez Casañ ; pròleg = prólogo de Josep Carles Laínez |
| 246 ## - FORMA VARIANTE DEL TITULO | |
| Título propio/Titulo breve | Me han habitado los bosques de la naturaleza |
| 250 ## - MENCION DE EDICION | |
| Mención de edición | Edició bilingüe = edición bilingüe |
| 260 ## - PUBLICACIÓN, DISTRIBUCIÓN, ETC. | |
| Lugar de publicación, distribución, etc. | [Italia : |
| Nombre del editor, distribuidor, etc. | Amazon Italia Logistica], |
| Fecha de publicación, distribución, etc. | 2023 |
| 300 ## - DESCRIPCIÓN FÍSICA | |
| Extensión | 75 páginas ; |
| Dimensiones | 22 cm |
| 336 ## - TIPO DE CONTENIDO | |
| Fuente | rdacontent |
| Término de tipo de contenido | Texto |
| 337 ## - TIPO DE MEDIO | |
| Fuente | rdamedia |
| Nombre/término del tipo de medio | sin mediación |
| 338 ## - TIPO DE SOPORTE | |
| Fuente | rdacarrier |
| Nombre/término del tipo de soporte | volumen |
| 520 ## - RESUMEN, ETC. | |
| Sumario, etc. | Nos ofrece una serie de poemas que no son un cántico a la naturaleza como creación, pero sí que lo son; ni tampoco rezuman el temor de una degradación y pérdida cada vez más verosímil, que también; sino una reflexión que –y hasta cierto punto es paradójico– sobrepasa las sendas del espíritu para llegar a una metafísica de la naturaleza, es decir, a una reflexión filosófica no sobre la naturaleza, que también, sino sobre nuestra relación con ella cuando nosotros dejamos de ser nosotros, y la naturaleza deja de ser naturaleza.<br/>No es una compilación de poemas desparejados, sino una obra creada con una voluntad unitaria que tira de nosotros en direcciones que parecen divergentes, pero que conducen a una única unidad de sentido: porque los versos, como toda poesía con contenido y profundidad, acaban por hablar de nosotros mismos. |
| 546 ## - NOTA DE IDIOMA | |
| Nota de lengua/lenguaje | Texto en valenciano y castellano |
| 655 #7 - TERMINO DE INDIZACIÓN--GENERO/FORMA | |
| Datos o término principal de género/forma | Poesías |
| Fuente del término | tgfbne |
| 9 (RLIN) | 176539 |
| 700 1# - ENTRADA AGREGADA--NOMBRE PERSONAL | |
| Nombre de persona | Laínez, José Carlos, |
| Fechas asociadas al nombre | 1970- |
| Término indicativo de función/relación | Autor de introducción |
| 9 (RLIN) | 234551 |
| 852 ## - LOCALIZACIÓN | |
| Ubicación | ES-MaACL |
| Sublocalización o colección | R. 154799 |
| Ubicación en estantería | Depósito J |
| Número de control de estantería | N-9545 |
| itemnumber | 200835 |
| Donativo/Legado | Donación: Rosa Gómez Casañ |
| Encuadernación | Encuadernación rústica |
| 903 ## - NOMBRE PERSONAL DE DONANTE | |
| 9 | 226266 |
| a | Gómez Casañ, Rosa, |
| d | 1958- |
| e | Donante |
| 942 ## - ELEMENTOS DE ENTRADA SECUNDARIOS (KOHA) | |
| Suprimir en OPAC | No |
| Tipo de ítem Koha | Libro impreso |
| Estatus retirado | Estado de pérdida | Fuente del sistema de clasificación o colocación | Estado de daño | No para préstamo | Biblioteca de origen | Biblioteca actual | Ubicación en estantería | Fecha de adquisición | Fuente de adquisición | Total de préstamos | Signatura topográfica completa | Código de barras | Visto por última vez | Tipo de ítem Koha |
|---|---|---|---|---|---|---|---|---|---|---|---|---|---|---|
| Clasificación decimal universal | Biblioteca del Ateneo de Madrid | Biblioteca del Ateneo de Madrid | Depósito J | 13/11/2023 | Donación | N-9545 | 101206129 | 13/11/2023 | Libro impreso |
